OGC Nice - Effectif 2021/2022 - Statistiques

Statistiques générales
  • Ce quiz a été pris 84 fois
    22 depuis la dernière actualisation
  • Le résultat moyen est 17 sur 24
Statistiques - réponses
Poste Numéro Joueurs % Correct
G 1 Marcin Bulka
100%
D 4 Dante
93%
D 25 Jean-Clair Todibo
93%
D 26 Melvin Bard
87%
G 40 Walter Benitez
87%
A 11 Amine Gouiri
80%
A 7 Andy Delort
80%
M 8 Pablo Rosario
80%
A 24 Evann Guessand
73%
M 28 Hicham Boudaoui
73%
D 23 Jordan Lotomba
73%
A 9 Kasper Dolberg
73%
D 20 Youcef Atal
73%
A 21 Justin Kluivert
67%
M 19 Khephren Thuram
67%
G 16 Teddy Boulhendi
67%
A 22 Calvin Stengs
60%
D 5 Flavius Daniliuc
60%
M 18 Mario Lemina
53%
M 10 Alexis Claude-Maurice
47%
A 14 Billal Brahimi
47%
M 6 Morgan Schneiderlin
47%
D 12 Jordan Amavi
40%
M 15 Danilo Barbosa
33%
Aucun quiz correspondant
Distribution des résultats
% des personnes avec chaque résultat
Percentile par nombre de réponses
Votre historique - résultats
Vous n’avez pas pris ce quiz depuis la dernière actualisation